|
|
|
|
| LEADER |
00000nam0a2200000 4500 |
| 001 |
250715 |
| 005 |
20231101232605.0 |
| 020 |
|
|
|a RU
|b 88-84805
|
| 035 |
|
|
|a (RuTPU)RU\TPU\book\272936
|
| 090 |
|
|
|a 250715
|
| 100 |
|
|
|a 20140217d1988 k a0rusy5003 ca
|
| 101 |
0 |
|
|a rus
|
| 102 |
|
|
|a KZ
|
| 105 |
|
|
|a a z 001zy
|
| 200 |
1 |
|
|a Совершенствование технологических процессов литейно-металлургического производства
|e сборник научных трудов
|f Карагандинский политехнический институт (КарПИ, КарПТИ) ; под ред. Е. И. Шевцова
|
| 210 |
|
|
|a Караганда
|c КарПТИ
|d 1988
|
| 215 |
|
|
|a 113 с.
|c ил.
|
| 320 |
|
|
|a Библиогр. в конце ст.
|
| 606 |
1 |
|
|a Литейное производство
|2 stltpush
|3 (RuTPU)RU\TPU\subj\72698
|9 86107
|
| 610 |
1 |
|
|a технологические процессы
|
| 610 |
1 |
|
|a совершенствование
|
| 610 |
1 |
|
|a плавка
|
| 610 |
1 |
|
|a сплавы
|
| 610 |
1 |
|
|a обработка
|
| 610 |
1 |
|
|a отливки
|
| 610 |
1 |
|
|a литейные формы
|
| 610 |
1 |
|
|a изготовление
|
| 610 |
1 |
|
|a формовочные смеси
|
| 675 |
|
|
|a 621.74
|z rus
|
| 702 |
|
1 |
|a Шевцов
|b Е. И.
|4 340
|
| 712 |
0 |
2 |
|a Карагандинский политехнический институт (КарПИ, КарПТИ)
|c (1958-1996)
|2 stltpush
|3 (RuTPU)RU\TPU\col\12631
|
| 801 |
|
0 |
|a RU
|b RuMRKP
|c 19950417
|g psbo
|
| 801 |
|
1 |
|a RU
|b 63413507
|c 20140217
|
| 801 |
|
2 |
|a RU
|b 63413507
|c 20140227
|g RCR
|
| 942 |
|
|
|c BK
|